Central Library OPAC University of Rajshahi

D-C electricity laboratory manual / (Record no. 73322)

MARC details
000 -LEADER
fixed length control field 00855nam a2200241 a 4500
001 - CONTROL NUMBER
control field 73322
003 - CONTROL NUMBER IDENTIFIER
rucl marc code BD-RjUL
005 - DATE AND TIME OF LATEST TRANSACTION
control field 20211209082359.0
008 - FIXED-LENGTH DATA ELEMENTS--GENERAL INFORMATION
fixed length control field 170530s1968 enk 001 0 eng d
035 ## - SYSTEM CONTROL NUMBER
System control number (BD-RjUL)73540
040 ## - CATALOGING SOURCE
Original cataloging agency YBM
Transcribing agency YBM
Modifying agency EQO
-- BD-RjUL
Language of cataloging eng
041 ## - LANGUAGE CODE
Language code of text/sound track or separate title eng
082 ## - DEWEY DECIMAL CLASSIFICATION NUMBER
Edition number 23
Classification number 621.31912028
Author mark and year RAD 1968
100 1# - MAIN ENTRY--PERSONAL NAME
Personal name Rainey, Gilbert L.
9 (RLIN) 216887
245 10 - TITLE STATEMENT
Title D-C electricity laboratory manual /
Statement of responsibility, etc. Gilbert L. Rainey.
260 ## - PUBLICATION, DISTRIBUTION, ETC. (IMPRINT)
Place of publication, distribution, etc. New York :
Name of publisher, distributor, etc. Holt, Reinhart and Winston,
Date of publication, distribution, etc. c1968
300 ## - PHYSICAL DESCRIPTION
Pagination xii 237 p. :
Illustrations ill. ;
Size 28 cm.
490 1# - SERIES STATEMENT
Series statement His electrical & electronic technology series of laboratory manuals
650 #0 - SUBJECT ADDED ENTRY--TOPICAL TERM
Topical term or geographic name as entry element Direct-currents system
General subdivision Laboratory manuals.
9 (RLIN) 216888
Topical term or geographic name as entry element Electric currents, Direct
9 (RLIN) 216889
830 ## - SERIES ADDED ENTRY--UNIFORM TITLE
Uniform title His electrical & electronic technology series of laboratory manuals
942 ## - ADDED ENTRY ELEMENTS (KOHA)
Source of classification or shelving scheme Dewey Decimal Classification
Koha item type Books
Holdings
Lost status Source of classification or shelving scheme Damaged status Not for loan Collection code Permanent Location Current Location Shelving location Date acquired Source of acquisition Cost, normal purchase price Total Checkouts Full call number Date last seen Copy number Koha item type
  Dewey Decimal Classification   Not For Loan Non-fiction Central Library, University of Rajshahi Central Library, University of Rajshahi Reading Room 13/10/1970 Zeetlinger 48.00   621.31912028 RAD 1968 30/05/2017 C-1 Books